Giraffes Can't Dance / (Record no. 48827)
| 000 -LEADER | |
|---|---|
| fixed length control field | 00847nam a2200169 4500 |
| 020 ## - INTERNATIONAL STANDARD BOOK NUMBER | |
| International Standard Book Number | 9781408303702 |
| 020 ## - INTERNATIONAL STANDARD BOOK NUMBER | |
| International Standard Book Number | 1408303701 |
| 100 ## - MAIN ENTRY--PERSONAL NAME | |
| Personal name | Andreae, Giles, |
| Relator term | author. |
| 9 (RLIN) | 62369 |
| 245 ## - TITLE STATEMENT | |
| Title | Giraffes Can't Dance / |
| Remainder of title | by Giles Andreae and Guy Parker-Rees. |
| 260 ## - PUBLICATION, DISTRIBUTION, ETC. (IMPRINT) | |
| Place of publication, distribution, etc | UK. : |
| Name of publisher, distributor, etc | Orchard Books ; |
| Date of publication, distribution, etc | 2008. |
| 300 ## - PHYSICAL DESCRIPTION | |
| Extent | 32 pages. |
| Dimensions | 6.46 x 0.63 x 6.46 inches. |
| 490 ## - SERIES STATEMENT | |
| Series statement | Giraffes Can't Dance |
| 520 ## - SUMMARY, ETC. | |
| Summary, etc | Gerald the giraffe longs to dance, but his legs are too skinny and his neck is too long. At the Jungle Dance, the warthogs waltz, the chimps cha-cha, and the lions tango. "Giraffes can't dance," they all jeer when it's Gerald's turn to prance. But with some sound advice from a wise cricket, Gerald starts swaying to his own sweet tune. |
| 650 ## - SUBJECT ADDED ENTRY--TOPICAL TERM | |
| 9 (RLIN) | 42459 |
| Topical term or geographic name as entry element | Jungle animals. |
| 650 ## - SUBJECT ADDED ENTRY--TOPICAL TERM | |
| 9 (RLIN) | 62156 |
| Topical term or geographic name as entry element | Wild animals |
| Form subdivision | Juvenile fiction. |
| 942 ## - ADDED ENTRY ELEMENTS (KOHA) | |
| Source of classification or shelving scheme | |
| Koha item type | Board Book |
| Withdrawn status | Lost status | Source of classification or shelving scheme | Damaged status | Not for loan | Home library | Current library | Date acquired | Total Checkouts | Full call number | Barcode | Date last seen | Date checked out | Price effective from | Koha item type |
|---|---|---|---|---|---|---|---|---|---|---|---|---|---|---|
| Logos International School | Logos International School | 04/10/2025 | 2 | BB AND | 040605 | 02/20/2026 | 01/30/2026 | 04/10/2025 | Board Book |